000 00295nam a2200133 i 4500
001 bg
245 0 _aDiffusion in metallischen Werkstoffen.
260 _aLeipzig,
_c1970.
040 _cBPK
041 _apol
080 _a669:538.9
942 _cKS
008 s pl f |000 0 pol
999 _c26144
_d26144
856 _uhttp://koha.tu.koszalin.pl/cgi-bin/koha/opac-detail.pl?biblionumber=26144
_yKatalog online BPK